[Event "Clusane op 1st"]
[Site "Clusane"]
[Date "2024.03.02"]
[Round "4"]
[White "Loiacono, Antonio"]
[Black "Sbarra, Marco"]
[Result "1-0"]
[WhiteElo "2297"]
[BlackElo "2185"]
[PlyCount "65"]
[EventDate "2024.02.29"]
[EventType "swiss"]
[EventRounds "7"]
[EventCountry "ITA"]
[SourceTitle "CB11_2024"]
[SourceDate "2024.03.13"]
[SourceVersion "1"]
[SourceVersionDate "2024.03.13"]
[SourceQuality "1"]

1. e4 e5 2. Nf3 Nc6 3. Nc3 Nf6 4. a3 h6 5. d4 exd4 6. Nxd4 Bc5 7. Nxc6 bxc6 8. e5 Qe7 9. Qe2 Nd5 10. Ne4 Bd4 11. f4 f5 12. exf6 Nxf6 13. Nxf6+ Bxf6 14. c3 d5 15. Qxe7+ Bxe7 16. Be3 0-0 17. Bd3 Bd6 18. g3 a5 19. Kd2 c5 20. b3 Rb8 21. Bc2 Bd7 22. a4 Rfd8 23. Bf2 Bg4 24. Rab1 Kf7 25. Rhe1 Kg8 26. Bd3 c4 27. bxc4 Rxb1 28. Rxb1 Bxf4+ 29. Kc2 Be5 30. cxd5 c6 31. Re1 Bf6 32. dxc6 Rc8 33. Be4 1-0

[Event "Zalakaros Barczay Memorial"]
[Site "Zalakaros"]
[Date "2023.06.11"]
[Round "9"]
[White "Vanczak, Tamas"]
[Black "Loiacono, Antonio"]
[Result "1/2-1/2"]
[WhiteElo "2398"]
[BlackElo "2350"]
[PlyCount "26"]
[EventDate "2023.06.03"]
[EventType "swiss"]
[EventRounds "9"]
[EventCountry "HUN"]
[SourceTitle "CBM 214 Extra"]
[Source "ChessBase"]
[SourceDate "2023.07.31"]
[SourceVersion "1"]
[SourceVersionDate "2023.07.31"]
[SourceQuality "1"]

1. d4 c5 2. d5 Nf6 3. Bg5 Qb6 4. Nc3 Qxb2 5. Bd2 Qb6 6. e4 d6 7. f4 e5 8. fxe5 dxe5 9. Nf3 Bd6 10. Bc4 a6 11. a4 Qc7 12. 0-0 Nbd7 13. Nh4 Nb6 1/2-1/2

[Event "Titled Tuesday intern op 16th May Late"]
[Site "Chess.com INT"]
[Date "2023.05.16"]
[Round "2"]
[White "Loiacono, Antonio"]
[Black "Klukin, Kirill"]
[Result "0-1"]
[WhiteElo "2350"]
[BlackElo "2390"]
[PlyCount "94"]
[EventDate "2023.05.16"]
[EventType "swiss (blitz)"]
[EventRounds "11"]
[EventCountry "USA"]
[SourceTitle "CBM 214 Extra"]
[Source "ChessBase"]
[SourceDate "2023.07.31"]
[SourceVersion "1"]
[SourceVersionDate "2023.07.31"]
[SourceQuality "1"]

1. e4 c5 2. Nf3 Nc6 3. d4 cxd4 4. Nxd4 e5 5. Nb5 d6 6. N5c3 Be7 7. Nd5 Be6 8. Nbc3 Rc8 9. g3 Bg5 10. Bg2 Bxc1 11. Rxc1 Nf6 12. 0-0 0-0 13. Nxf6+ Qxf6 14. Qxd6 Rfd8 15. Qa3 Nd4 16. Qxa7 b5 17. Rfe1 Ra8 18. Qc5 Rdc8 19. Qd6 Rc6 20. Qb4 Rac8 21. Rf1 Rc4 22. Qd6 b4 23. Nd5 Bxd5 24. Qxf6 gxf6 25. exd5 Ne2+ 26. Kh1 Nxc1 27. Rxc1 Rxc2 28. Rxc2 Rxc2 29. Be4 Rxf2 30. b3 Rxa2 31. g4 Rd2 32. h4 h6 33. h5 Kf8 34. Kg1 Ke7 35. Kf1 Kd6 36. Ke1 Rd4 37. Bf3 e4 38. Be2 Kxd5 39. Kf2 Ke5 40. Ke3 Rd7 41. Bc4 f5 42. gxf5 Kxf5 43. Bf1 Ke5 44. Be2 f5 45. Bb5 f4+ 46. Ke2 Ra7 47. Ba4 Kd4 0-1

[Event "Titled Tuesday intern op 16th May Late"]
[Site "Chess.com INT"]
[Date "2023.05.16"]
[Round "8"]
[White "Tristan, Leonardo"]
[Black "Loiacono, Antonio"]
[Result "1-0"]
[WhiteElo "2545"]
[BlackElo "2350"]
[PlyCount "61"]
[EventDate "2023.05.16"]
[EventType "swiss (blitz)"]
[EventRounds "11"]
[EventCountry "USA"]
[SourceTitle "CBM 214 Extra"]
[Source "ChessBase"]
[SourceDate "2023.07.31"]
[SourceVersion "1"]
[SourceVersionDate "2023.07.31"]
[SourceQuality "1"]

1. d4 Nf6 2. Nf3 c5 3. c3 Nc6 4. Bf4 e6 5. e3 d5 6. Nbd2 b6 7. Bb5 Bd7 8. Ba6 Bc8 9. Bb5 Bd7 10. Qa4 Nb8 11. Bxb8 Qxb8 12. Bc6 Qc8 13. Bxd7+ Qxd7 14. Qxd7+ Nxd7 15. e4 cxd4 16. Nxd4 dxe4 17. Nxe4 Nc5 18. Nxc5 Bxc5 19. 0-0-0 0-0-0 20. Nc6 Rd7 21. Rxd7 Kxd7 22. Nxa7 Bxf2 23. Rd1+ Kc7 24. Nb5+ Kc6 25. Na7+ Kc7 26. Nb5+ Kc6 27. a4 e5 28. Rd6+ Kc5 29. b4+ Kc4 30. Kc2 Bc5 31. Na3# 1-0

[Event "Titled Tuesday intern op 02nd May Early"]
[Site "Chess.com INT"]
[Date "2023.05.02"]
[Round "6"]
[White "Bogaudinov, Rushan"]
[Black "Loiacono, Antonio"]
[Result "0-1"]
[WhiteElo "1939"]
[BlackElo "2350"]
[PlyCount "76"]
[EventDate "2023.05.02"]
[EventType "swiss (blitz)"]
[EventRounds "11"]
[EventCountry "USA"]
[SourceTitle "EXT 2024"]
[Source "ChessBase"]
[SourceDate "2023.10.10"]
[SourceVersion "1"]
[SourceVersionDate "2023.10.10"]
[SourceQuality "1"]

1. a3 g6 2. d4 Bg7 3. e3 Nf6 4. c4 0-0 5. Nf3 c5 6. dxc5 a5 7. Nc3 Na6 8. Na4 Ne4 9. Nb6 Rb8 10. Nxc8 Rxc8 11. Be2 Naxc5 12. 0-0 a4 13. Rb1 d6 14. Nd2 Nxd2 15. Bxd2 Nb3 16. Bb4 Qd7 17. Bg4 f5 18. Bf3 Kh8 19. Be2 Rfd8 20. h4 Bf6 21. h5 Kg7 22. g3 Qe6 23. Kg2 Qe4+ 24. Bf3 Qxc4 25. Bxb7 Rb8 26. Bd5 Qb5 27. Bxb3 axb3 28. Qxb3 Qc6+ 29. Kg1 gxh5 30. Rbd1 Qf3 31. Qd5 Qg4 32. Rc1 Rdc8 33. Qe6 Rxc1 34. Rxc1 h4 35. Rc4 Qd1+ 36. Kg2 h3+ 37. Kh2 Qf3 38. Rg4+ fxg4 0-1

[Event "Titled Tuesday intern op 02nd May Late"]
[Site "Chess.com INT"]
[Date "2023.05.02"]
[Round "6"]
[White "Flores, Diego"]
[Black "Loiacono, Antonio"]
[Result "0-1"]
[WhiteElo "2517"]
[BlackElo "2350"]
[PlyCount "86"]
[EventDate "2023.05.02"]
[EventType "swiss (blitz)"]
[EventRounds "11"]
[EventCountry "USA"]
[SourceTitle "EXT 2024"]
[Source "ChessBase"]
[SourceDate "2023.10.10"]
[SourceVersion "1"]
[SourceVersionDate "2023.10.10"]
[SourceQuality "1"]

1. d4 Nf6 2. c4 b6 3. Nc3 Bb7 4. f3 Nc6 5. d5 Ne5 6. e4 Ng6 7. Be3 e5 8. Qd2 Bc5 9. Nh3 Bxe3 10. Qxe3 c5 11. g3 d6 12. Nf2 Bc8 13. 0-0-0 Bd7 14. f4 exf4 15. gxf4 Qe7 16. h4 h5 17. e5 dxe5 18. d6 Qe6 19. Nb5 Bxb5 20. cxb5 Nxf4 21. Kb1 0-0 22. Rg1 g6 23. Rg5 Rfe8 24. b3 N6d5 25. Qc1 Qxd6 26. Bc4 Rad8 27. Ne4 Qe7 28. Rdg1 Kh7 29. Qb2 Nf6 30. Rxe5 Qxe5 31. Nxf6+ Kg7 32. Nxe8+ Rxe8 33. Qxe5+ Rxe5 34. Rd1 Re7 35. a4 Ng2 36. Rh1 Re4 37. Rf1 Rf4 38. Rd1 Nxh4 39. Rd7 Nf3 40. Rxa7 h4 41. a5 h3 42. Bxf7 Rxf7 43. axb6 h2 0-1

[Event "Titled Tuesday intern op 02nd May Late"]
[Site "Chess.com INT"]
[Date "2023.05.02"]
[Round "11"]
[White "Hansen, Eric"]
[Black "Loiacono, Antonio"]
[Result "1-0"]
[WhiteElo "2609"]
[BlackElo "2350"]
[PlyCount "67"]
[EventDate "2023.05.02"]
[EventType "swiss (blitz)"]
[EventRounds "11"]
[EventCountry "USA"]
[SourceTitle "EXT 2024"]
[Source "ChessBase"]
[SourceDate "2023.10.10"]
[SourceVersion "1"]
[SourceVersionDate "2023.10.10"]
[SourceQuality "1"]

1. d4 Nf6 2. Bg5 e6 3. Nd2 h6 4. Bh4 d5 5. e3 Be7 6. Bd3 b6 7. Qe2 Bb7 8. Ngf3 Nbd7 9. 0-0-0 c5 10. c3 c4 11. Bc2 Ne4 12. Bxe7 Qxe7 13. Nxe4 dxe4 14. Nd2 f5 15. Qxc4 0-0 16. f3 exf3 17. gxf3 Rfc8 18. Qe2 b5 19. Kb1 a5 20. e4 fxe4 21. Bxe4 Bxe4+ 22. Nxe4 b4 23. c4 Nb6 24. c5 Nd5 25. Rhg1 a4 26. Nd6 Rf8 27. Rg4 a3 28. Rdg1 axb2 29. Rxg7+ Qxg7 30. Qxe6+ Kh8 31. Rxg7 Nc3+ 32. Kxb2 Kxg7 33. Nf5+ Kh8 34. Qxh6+ 1-0

[Event "Titled Tuesday intern op 02nd May Late"]
[Site "Chess.com INT"]
[Date "2023.05.02"]
[Round "1"]
[White "Loiacono, Antonio"]
[Black "Kalaiyalahan, Akshaya"]
[Result "1-0"]
[WhiteElo "2350"]
[BlackElo "2155"]
[PlyCount "73"]
[EventDate "2023.05.02"]
[EventType "swiss (blitz)"]
[EventRounds "11"]
[EventCountry "USA"]
[SourceTitle "EXT 2024"]
[Source "ChessBase"]
[SourceDate "2023.10.10"]
[SourceVersion "1"]
[SourceVersionDate "2023.10.10"]
[SourceQuality "1"]

1. e4 e6 2. d4 d5 3. Nc3 dxe4 4. Nxe4 Nf6 5. Nxf6+ Qxf6 6. Nf3 Bd6 7. Bg5 Qf5 8. Bd3 Qa5+ 9. c3 h6 10. Bh4 c5 11. dxc5 Qxc5 12. Bg3 e5 13. 0-0 0-0 14. h3 f5 15. Re1 Nd7 16. Rc1 Kh8 17. b4 Qc7 18. Bb5 f4 19. Bh2 Nf6 20. Nh4 Rd8 21. Qc2 g5 22. Nf5 Bxf5 23. Qxf5 Kg7 24. Kh1 e4 25. a3 Qb6 26. Bg1 a6 27. Bf1 Qc7 28. c4 Qe7 29. c5 Qe5 30. Qxe5 Bxe5 31. c6 bxc6 32. Rxc6 Rdc8 33. Rxa6 Rxa6 34. Bxa6 Rc3 35. a4 Ra3 36. Bb5 Bc3 37. Rb1 1-0

[Event "Titled Tuesday intern op 02nd May Early"]
[Site "Chess.com INT"]
[Date "2023.05.02"]
[Round "5"]
[White "Loiacono, Antonio"]
[Black "Melikhov, Evgeny V"]
[Result "1-0"]
[WhiteElo "2350"]
[BlackElo "2269"]
[PlyCount "83"]
[EventDate "2023.05.02"]
[EventType "swiss (blitz)"]
[EventRounds "11"]
[EventCountry "USA"]
[SourceTitle "EXT 2024"]
[Source "ChessBase"]
[SourceDate "2023.10.10"]
[SourceVersion "1"]
[SourceVersionDate "2023.10.10"]
[SourceQuality "1"]

1. e4 e5 2. Nf3 Nc6 3. Nc3 Nf6 4. Bb5 Bb4 5. 0-0 0-0 6. d3 d6 7. Ne2 a6 8. Bxc6 bxc6 9. Ng3 g6 10. h3 Ne8 11. d4 Qe7 12. dxe5 dxe5 13. c3 Bc5 14. Re1 f6 15. Qa4 Bb6 16. Qxc6 Rb8 17. Be3 Bb7 18. Qc4+ Qf7 19. Qxf7+ Kxf7 20. Bxb6 cxb6 21. Rad1 Ke7 22. Nd2 b5 23. f3 Nc7 24. Nb3 Ne6 25. Nf1 Rfd8 26. Ne3 Nf4 27. Nc5 a5 28. Rxd8 Kxd8 29. h4 Bc6 30. g3 Ke7 31. gxf4 exf4 32. Nd5+ Bxd5 33. exd5+ Kd6 34. Ne4+ Kxd5 35. Nxf6+ Kc4 36. Kf2 Kd3 37. Re2 a4 38. Ne4 a3 39. bxa3 h6 40. Rb2 g5 41. Rd2+ Kc4 42. Rd4# 1-0

[Event "Titled Tuesday intern op 18th Apr Late"]
[Site "Chess.com INT"]
[Date "2023.04.18"]
[Round "4"]
[White "Loiacono, Antonio"]
[Black "Prieto Aranguren, Alain"]
[Result "0-1"]
[WhiteElo "2357"]
[BlackElo "2280"]
[PlyCount "128"]
[EventDate "2023.04.18"]
[EventType "swiss (blitz)"]
[EventRounds "11"]
[EventCountry "USA"]
[SourceTitle "EXT 2024"]
[Source "ChessBase"]
[SourceDate "2023.10.10"]
[SourceVersion "1"]
[SourceVersionDate "2023.10.10"]
[SourceQuality "1"]

1. e4 c6 2. d4 d5 3. e5 Be6 4. Nd2 h5 5. Nb3 Qc8 6. h3 h4 7. Nf3 Na6 8. Bxa6 bxa6 9. Nc5 Bf5 10. c3 e6 11. Nd3 Be7 12. 0-0 Be4 13. Re1 Nh6 14. Ng5 Bf5 15. Bf4 Rb8 16. b4 a5 17. a3 Qa6 18. Nc5 Bxc5 19. dxc5 Bg6 20. Nf3 Nf5 21. Nd4 Nxd4 22. Qxd4 Qd3 23. Bd2 Qxd4 24. cxd4 a4 25. Re3 a6 26. Rae1 Bc2 27. Rc3 Bb3 28. Kh2 Bc4 29. Ree3 Kd7 30. Rf3 Rbf8 31. Rf4 Rh5 32. Rcf3 Ke8 33. Rg4 Be2 34. Rxg7 Bxf3 35. gxf3 Rhh8 36. Rg4 Rfg8 37. Bg5 Rh5 38. Bf6 Rg6 39. Kg2 Kf8 40. Kf1 Kg8 41. Ke2 Kh7 42. Ke3 Rf5 43. Rxh4+ Rh6 44. Rg4 Rxh3 45. Rg7+ Kh6 46. Rxf7 Rhxf3+ 47. Ke2 Rxf2+ 48. Ke1 Rf1+ 49. Ke2 R5f2+ 50. Ke3 Rf3+ 51. Ke2 R1f2+ 52. Ke1 Kg6 53. Rf8 Rf1+ 54. Ke2 R1f2+ 55. Ke1 Kh5 56. Rg8 Ra2 57. Rg5+ Kh6 58. Rg8 Rb3 59. Bg5+ Kh5 60. Kd1 Rb1+ 61. Bc1 Raa1 62. Ke2 Rxc1 63. Kf3 Rc3+ 64. Kf4 Rf1# 0-1

[Event "Titled Tuesday intern op 18th Apr Late"]
[Site "Chess.com INT"]
[Date "2023.04.18"]
[Round "1"]
[White "Loiacono, Antonio"]
[Black "Prithu, Gupta"]
[Result "1-0"]
[WhiteElo "2357"]
[BlackElo "2444"]
[PlyCount "56"]
[EventDate "2023.04.18"]
[EventType "swiss (blitz)"]
[EventRounds "11"]
[EventCountry "USA"]
[SourceTitle "EXT 2024"]
[Source "ChessBase"]
[SourceDate "2023.10.10"]
[SourceVersion "1"]
[SourceVersionDate "2023.10.10"]
[SourceQuality "1"]

1. e4 e5 2. Nf3 Nc6 3. Nc3 Nf6 4. Bb5 d6 5. d4 Bd7 6. d5 Ne7 7. Bxd7+ Qxd7 8. 0-0 c6 9. dxc6 bxc6 10. Qe2 Ng6 11. g3 Be7 12. b3 h5 13. Bg5 h4 14. Kg2 hxg3 15. fxg3 Qh3+ 16. Kg1 0-0 17. Rad1 d5 18. Bxf6 gxf6 19. exd5 Bc5+ 20. Kh1 cxd5 21. Nxd5 Kg7 22. Nxf6 Rh8 23. Ne4 Be7 24. Nfg5 Bxg5 25. Nxg5 Qxg3 26. Rxf7+ Kg8 27. Rg1 Qc3 28. Rf6 Nf4 1-0

[Event "Titled Tuesday intern op 18th Apr Late"]
[Site "Chess.com INT"]
[Date "2023.04.18"]
[Round "5"]
[White "Loiacono, Antonio"]
[Black "Seletsky, Grigory"]
[Result "1-0"]
[WhiteElo "2357"]
[BlackElo "2262"]
[PlyCount "89"]
[EventDate "2023.04.18"]
[EventType "swiss (blitz)"]
[EventRounds "11"]
[EventCountry "USA"]
[SourceTitle "EXT 2024"]
[Source "ChessBase"]
[SourceDate "2023.10.10"]
[SourceVersion "1"]
[SourceVersionDate "2023.10.10"]
[SourceQuality "1"]

1. e4 e6 2. d4 d5 3. Nc3 Nc6 4. e5 Nge7 5. Nce2 Nf5 6. c3 h5 7. Ng3 h4 8. Nxf5 exf5 9. h3 Be6 10. Bd3 Be7 11. Ne2 g5 12. Qc2 Qd7 13. f4 Rg8 14. fxg5 Bxg5 15. Bxg5 Rxg5 16. Nf4 0-0-0 17. 0-0-0 Kb8 18. Kb1 Ne7 19. Rhf1 Ng6 20. Rd2 Rg8 21. Rf3 Rg3 22. Rdf2 c5 23. Qd2 cxd4 24. cxd4 Nxf4 25. Qxf4 Qd8 26. Bxf5 Rxg2 27. Bxe6 Rxf2 28. Rxf2 fxe6 29. Qf7 Rg1+ 30. Rf1 Rxf1+ 31. Qxf1 Qg8 32. a3 Qg6+ 33. Ka2 Kc7 34. Qf8 Qd3 35. Qd6+ Kc8 36. Qxe6+ Kb8 37. Qd6+ Kc8 38. Qc5+ Kb8 39. Qxd5 a6 40. e6 Qe2 41. Qd6+ Ka7 42. Qc5+ Kb8 43. e7 Qe6+ 44. d5 b6 45. dxe6 1-0

[Event "Titled Tuesday intern op 18th Apr Late"]
[Site "Chess.com INT"]
[Date "2023.04.18"]
[Round "9"]
[White "Mickiewicz, Piotr"]
[Black "Loiacono, Antonio"]
[Result "1-0"]
[WhiteElo "2279"]
[BlackElo "2357"]
[PlyCount "55"]
[EventDate "2023.04.18"]
[EventType "swiss (blitz)"]
[EventRounds "11"]
[EventCountry "USA"]
[SourceTitle "EXT 2024"]
[Source "ChessBase"]
[SourceDate "2023.10.10"]
[SourceVersion "1"]
[SourceVersionDate "2023.10.10"]
[SourceQuality "1"]

1. Nf3 d5 2. e3 g6 3. c4 c6 4. Nc3 Bg7 5. b3 Nf6 6. Bb2 0-0 7. Be2 Re8 8. 0-0 e5 9. d4 e4 10. Ne5 Nbd7 11. Rc1 a6 12. cxd5 cxd5 13. Na4 Re6 14. f4 exf3 15. Bxf3 Qe8 16. Nxf7 Qxf7 17. Bxd5 Nf8 18. Nb6 Qe8 19. Rxf6 Bxf6 20. Nxa8 Qd8 21. Nc7 Kg7 22. Nxe6+ Nxe6 23. Bxe6 Bxe6 24. e4 Kg8 25. Qd2 Be7 26. d5 Bg5 27. Qd4 Qe7 28. Rf1 1-0

[Event "Titled Tuesday intern op 04th Apr Late"]
[Site "Chess.com INT"]
[Date "2023.04.04"]
[Round "9"]
[White "Figorito, Nick"]
[Black "Loiacono, Antonio"]
[Result "0-1"]
[WhiteElo "2036"]
[BlackElo "2357"]
[PlyCount "136"]
[EventDate "2023.04.04"]
[EventType "swiss (blitz)"]
[EventRounds "11"]
[EventCountry "USA"]
[SourceTitle "EXT 2024"]
[Source "ChessBase"]
[SourceDate "2023.10.10"]
[SourceVersion "1"]
[SourceVersionDate "2023.10.10"]
[SourceQuality "1"]

1. Nf3 d5 2. g3 g6 3. Bg2 Bg7 4. d4 Nf6 5. 0-0 0-0 6. c4 dxc4 7. Na3 c6 8. Nxc4 Be6 9. Nce5 Bd5 10. Bd2 Nbd7 11. Bc3 Nxe5 12. Nxe5 Bxg2 13. Kxg2 Qd5+ 14. Kg1 Ne4 15. Nf3 Rfd8 16. e3 Rac8 17. Nd2 c5 18. Nxe4 Qxe4 19. Re1 e6 20. Qa4 cxd4 21. exd4 Qc6 22. Qxa7 Ra8 23. Qc5 Qxc5 24. dxc5 Bxc3 25. bxc3 Rd2 26. a4 Rc2 27. Reb1 Rxc3 28. Rxb7 Rxc5 29. h4 h5 30. Rb4 Kg7 31. Kg2 Rf5 32. Rc1 Rfa5 33. Rcc4 R8a7 34. Rf4 Rc5 35. Rbc4 Rca5 36. Rb4 R5a6 37. Rfc4 Ra5 38. Kf3 R5a6 39. Ke3 Ra5 40. Kd3 e5 41. Kc3 Kf6 42. Kb3 Kf5 43. Rb5 R5a6 44. Rcc5 f6 45. Rc4 Rd6 46. f4 Rd3+ 47. Rc3 Rxc3+ 48. Kxc3 Rxa4 49. fxe5 fxe5 50. Rb6 Rg4 51. Kd2 Rxg3 52. Ke2 Rg4 53. Kf3 Rxh4 54. Rb8 Rh3+ 55. Kg2 Ra3 56. Rf8+ Kg4 57. Kf2 g5 58. Ke2 h4 59. Kf2 Ra2+ 60. Kg1 Kg3 61. Rf5 Ra1+ 62. Rf1 Rxf1+ 63. Kxf1 g4 64. Kg1 e4 65. Kh1 h3 66. Kg1 e3 67. Kf1 h2 68. Ke2 h1Q 0-1

[Event "Titled Tuesday intern op 04th Apr Late"]
[Site "Chess.com INT"]
[Date "2023.04.04"]
[Round "4"]
[White "Pakleza, Zbigniew"]
[Black "Loiacono, Antonio"]
[Result "0-1"]
[WhiteElo "2494"]
[BlackElo "2357"]
[PlyCount "96"]
[EventDate "2023.04.04"]
[EventType "swiss (blitz)"]
[EventRounds "11"]
[EventCountry "USA"]
[SourceTitle "EXT 2024"]
[Source "ChessBase"]
[SourceDate "2023.10.10"]
[SourceVersion "1"]
[SourceVersionDate "2023.10.10"]
[SourceQuality "1"]

1. a3 e5 2. d3 d5 3. Nf3 Nc6 4. c3 g6 5. b4 a6 6. e4 dxe4 7. dxe4 Qxd1+ 8. Kxd1 Be6 9. Kc2 f6 10. Nbd2 Nge7 11. Bc4 Kf7 12. Bxe6+ Kxe6 13. Nc4 Nc8 14. Nfd2 Nd6 15. f3 Bh6 16. Nxd6 cxd6 17. Nc4 Bxc1 18. Raxc1 b5 19. Nb6 Rab8 20. Nd5 Ne7 21. Rhd1 Nxd5 22. Rxd5 Rhc8 23. Kb3 Rc4 24. Rcd1 Rc6 25. R5d3 Rbc8 26. Ra1 f5 27. exf5+ gxf5 28. a4 d5 29. axb5 axb5 30. Ra5 Rb6 31. Ra7 e4 32. fxe4 dxe4 33. Rh3 Ke5 34. Raxh7 Rg6 35. Rb7 Rxg2 36. Rxb5+ Kf4 37. Rh4+ Rg4 38. Rh7 Re8 39. Rbb7 e3 40. Rbe7 Rxe7 41. Rxe7 Kf3 42. b5 Re4 43. Ra7 e2 44. Ra1 e1Q 45. Rxe1 Rxe1 46. c4 Ke4 47. c5 Kd5 48. c6 Kd6 0-1

[Event "Titled Tuesday intern op 21st Mar Early"]
[Site "Chess.com INT"]
[Date "2023.03.21"]
[Round "3"]
[White "Loiacono, Antonio"]
[Black "Adithya, A Chullikkad"]
[Result "0-1"]
[WhiteElo "2357"]
[BlackElo "2259"]
[PlyCount "84"]
[EventDate "2023.03.21"]
[EventType "swiss (blitz)"]
[EventRounds "11"]
[EventCountry "USA"]
[SourceTitle "EXT 2024"]
[Source "ChessBase"]
[SourceDate "2023.10.10"]
[SourceVersion "1"]
[SourceVersionDate "2023.10.10"]
[SourceQuality "1"]

1. e4 c5 2. Nf3 d6 3. d4 cxd4 4. Nxd4 Nf6 5. Nc3 a6 6. a4 e5 7. Nf3 h6 8. Bc4 Qc7 9. Bb3 Nc6 10. 0-0 Be7 11. h3 0-0 12. Be3 Na5 13. Bd5 Nc4 14. Bc1 Be6 15. Re1 Bxd5 16. Nxd5 Nxd5 17. Qxd5 Nb6 18. Qd3 Rac8 19. c3 Rfd8 20. Be3 Nc4 21. Bc1 Nb6 22. Qe2 Qc6 23. a5 Nd7 24. Nd2 Nc5 25. Nf1 Nb3 26. Ra2 Nxc1 27. Rxc1 Qc4 28. Qxc4 Rxc4 29. f3 d5 30. Rd1 d4 31. Nd2 dxc3 32. bxc3 Rxc3 33. Kf2 Bc5+ 34. Ke1 Re3+ 35. Kf1 Red3 36. Ke2 Bb4 37. Rb2 Bxa5 38. Nc4 Rxd1 39. Nxa5 R1d7 40. Rb6 Rd2+ 41. Kf1 Ra2 42. Nxb7 Rd1# 0-1

[Event "Titled Tuesday intern op 14th Mar Early"]
[Site "Chess.com INT"]
[Date "2023.03.14"]
[Round "6"]
[White "Adireddy, Arjun"]
[Black "Loiacono, Antonio"]
[Result "1-0"]
[WhiteElo "2078"]
[BlackElo "2357"]
[PlyCount "85"]
[EventDate "2023.03.14"]
[EventType "swiss (blitz)"]
[EventRounds "11"]
[EventCountry "USA"]
[SourceTitle "EXT 2024"]
[Source "ChessBase"]
[SourceDate "2023.10.10"]
[SourceVersion "1"]
[SourceVersionDate "2023.10.10"]
[SourceQuality "1"]

1. e4 e5 2. Nf3 Nc6 3. Bb5 a6 4. Ba4 g6 5. 0-0 Bg7 6. c3 Nge7 7. d4 exd4 8. cxd4 b5 9. Bc2 d5 10. Nc3 0-0 11. exd5 Nxd5 12. Bg5 Qd7 13. Be4 Nxc3 14. bxc3 Bb7 15. Re1 Rfe8 16. Qc2 Na5 17. Bxb7 Nxb7 18. Rxe8+ Rxe8 19. Re1 Rxe1+ 20. Nxe1 Nd6 21. Nd3 Qf5 22. Be3 a5 23. Qe2 h5 24. h3 Qd5 25. Bf4 Ne4 26. Bxc7 Nxc3 27. Qe8+ Bf8 28. Bxa5 Ne4 29. Bb4 Nd6 30. Bxd6 Qxd6 31. Ne5 Qd5 32. Nd7 Qd6 33. Kf1 Kg7 34. Qxf8+ Qxf8 35. Nxf8 Kxf8 36. Ke2 Ke7 37. Kd3 Kd6 38. Ke4 f5+ 39. Ke3 Kd5 40. Kd3 h4 41. g3 g5 42. gxh4 gxh4 43. Ke3 1-0